Memperoleh kekayaan dan kedamaian dalam kehidupan seharian

Bibliographic Details
Main Author: Hill, Napoleon
Other Authors: Megat Ahmad Supian
Format: Book
Published: Selangor : Albaz Publishings & Distribution , 2000
Subjects:

MARC

LEADER 00000cam a2200000 7i4500
001 0000028472
005 20091209.0
008 091209
020 |a 9839315382 
090 0 0 |a 158.1   |b HIL 
100 1 |a Hill, Napoleon 
245 1 0 |a Memperoleh kekayaan dan kedamaian dalam kehidupan seharian   |c Napoleon Hill 
260 |a Selangor :   |b Albaz Publishings & Distribution ,   |c 2000 
650 0 |a Success 
650 0 |a Wealth   |x psychological aspects 
700 0 |a Megat Ahmad Supian 
999 |a 0000811938   |b Book   |c Adult Collection   |e Cawangan Mersing 
999 |a 0000811940   |b Book   |c Adult Collection   |e Cawangan Bandar Penawar 
999 |a 0000903748   |b Book   |c Adult Collection   |e Cawangan Segamat 
999 |a 0000903755   |b Book   |c Adult Collection   |e Cawangan Bandar Penawar 
999 |a 0000952650   |b Book   |c Adult Collection   |e Cawangan Segamat 
999 |a 0001058082   |b Book   |c Adult Collection   |e Perbadanan Perpustakaan Awam Johor 
999 |a 0001058084   |b Book   |c Adult Collection   |e Perbadanan Perpustakaan Awam Johor 
999 |a 000811934   |b Book   |c Adult Collection   |e Cawangan Muar